Every Song by the Rare Occasions - Statistics

General Stats
  • This quiz has been taken 43 times
  • The average score is 24 of 36
Answer Stats
Hint Answer % Correct
Futureproof(2016) Notion
100%
Futureproof(2016) Futureproof
87%
Big Whoop(2021) Origami
87%
Big Whoop(2021) Alone
83%
Applefork(2013) Miss Mary Mack
83%
Big Whoop(2021) Control
78%
Into the Shallows(2018) The Shallows
78%
Feelers(2014) Dysphoric
74%
Futureproof(2016) Loans
74%
Into the Shallows(2018) Physics
74%
Into the Shallows(2018) Backwards
70%
Futureproof(2016) Bug Eyes
70%
Into the Shallows(2018) Clover
70%
Into the Shallows(2018) Mercy Mercy
70%
Big Whoop(2021) Sparrow
70%
Big Whoop(2021) Stay
70%
Applefork(2013) Battin' Lashes
65%
Big Whoop(2021) Do Not Do Drugs
65%
Feelers(2014) Halfheartedly
65%
Feelers(2014) La Mort
65%
Into the Shallows(2018) You Weren't Meant to See That
65%
Big Whoop(2021) Bolts
61%
Big Whoop(2021) Call Me When You Get There
61%
Feelers(2014) Goodnight
61%
Applefork(2013) Scarlet Lies
61%
Into the Shallows(2018) For You
57%
Into the Shallows(2018) Shutting You Out
57%
Big Whoop(2021) Cynical
52%
Applefork(2013) Getaway
52%
Into the Shallows(2018) Posts
52%
Applefork(2013) Silhouettes
52%
Into the Shallows(2018) Tether
52%
Big Whoop(2021) The American Way
52%
Big Whoop(2021) The Fold
52%
Big Whoop(2021) Set It Right
48%
Feelers(2014) Fell Through
43%
No matching quizzes found
Score Distribution
Percent of People with Each Score
Percentile by Number Answered
Your Score History
You have not taken this quiz